| 000 | 06584njm0a2200505 4500 | ||
|---|---|---|---|
| 001 | RU\NLR\ONIZ\297946 | ||
| 005 | 20250708193815.0 | ||
| 035 | _a(NLR Aleph) 021962417 | ||
| 071 | 0 | 0 | _aС10-08697-8 |
| 090 |
_a13285173 _c13285173 |
||
| 100 | _a20230419d1977 |||y0rusy50 ca | ||
| 102 | _aRU | ||
| 126 |
_aabbxexu ux _bxxx |
||
| 127 | _a003300 | ||
| 135 | _ahonoannnanndn | ||
| 200 | 1 |
_a[Камерные произведения] _bЗвукозапись _fД. Бортнянский |
|
| 203 |
_aМузыка _bисполнительская _cаудио |
||
| 210 |
_aМосква _cМелодия _gЗавод грампластинок _eАпрелевка _d1977 |
||
| 215 |
_a1 грп. [ГОСТ 5289-73] (33 мин) : 33 об/мин, стерео _d30 см, в конв. |
||
| 300 | _aКоммент. на конв. | ||
| 325 | _aКопия доступна в электронной библиотеке РНБ | ||
| 327 | 1 |
_a1. Концертная симфония для фортепиано, арфы, двух скрипок, виолы да гамба, виолончели и фагота : Си бемоль мажор / исполняют: М. Степаненко, фортепиано, С. Маркичева, арфа, А. Баженов, скрипка, Б. Скворцов, скрипка, Ю. Холодов, альт, Л. Краснощек, виолончель, В. Прокопович, фагот. _a2. Квинтет для фортепиано, арфы, скрипки, виолы да гамба и виолончели : До мажор / исполняют: И. Рябов, фортепиано, Д. Зедник, арфа, А. Горохов, скрипка, Б. Палшков, альт, В. Червов, виолончель |
|
| 464 | 0 |
_12001#$aКонцертная симфония для фортепиано, арфы, двух скрипок, виолы да гамба, виолончели и фагота$eСи бемоль мажор$fисполняют: М. Степаненко, фортепиано, С. Маркичева, арфа, А. Баженов, скрипка, Б. Скворцов, скрипка, Ю. Холодов, альт, Л. Краснощек, виолончель, В. Прокопович, фагот _16061#$aКонцертные симфонии для камерного ансамбля$yРоссия$z18-19 вв.$jЗвукозапись$2nlr_sh$7ca _16890#$aЩ952.142.4-040(28) _1702#1$9z01790$aСтепаненко$bМ. Б.$gМихаил Борисович$cкомпозитор$f1942-2020$4545$4kpf$7ca _1702#1$9z02790$aМаркичева$bС.$gСветлана$cарфа$4545$4tha$7ca _1702#1$9z03790$aБаженов$bА. И.$gАнатолий Иванович$cскрипка$f1945-$4545$4svl$7ca _1702#1$9z04790$aСкворцов$bБ. Д.$gБорис Дмитриевич$cскрипка$f1928-1983$4545$4svl$7ca _1702#1$9z05790$aХолодов$bЮ. Б.$gЮрий Борисович$cвиолончель$4545$4sva$7ca _1702#1$9z06790$aКраснощек$bЛ. А.$gЛеонид Антонович$cвиолончель$4545$4svc$7ca _1702#1$9z07790$aПрокопович$bВ.$gВиктор$cфагот$4545$4wba$7ca _1790#1$9z01702$aStepanenko$bM.$gMichail$ccomposer$f1942-2020$4545$4kpf$7ba _1790#1$9z02702$aMarkičeva$bS.$gSvetlana$charp$4545$4tha$7ba _1790#1$9z03702$aBaženov$bA. I.$gAnatolij Ivanovič$cviolin$f1945-$4545$4svl$7ba _1790#1$9z04702$aSkvorcov$bB. D.$gBoris Dmitrievič$cviolin$f1928-1983$4545$4svl$7ba _1790#1$9z05702$aCholodov$bJ. B.$gJurij Borisovič$ccello$4545$4sva$7ba _1790#1$9z06702$aKrasnošček$bL. A.$gLeonid Antonovič$ccello$4545$4svc$ _tКонцертная симфония для фортепиано, арфы, двух скрипок, виолы да гамба, виолончели и фагота |
|
| 464 | 0 |
_12001#$aКвинтет для фортепиано, арфы, скрипки, виолы да гамба и виолончели$eДо мажор$fисполняют: И. Рябов, фортепиано, Д. Зедник, арфа, А. Горохов, скрипка, Б. Палшков, альт, В. Червов, виолончель _16061#$aКвинтеты для фортепиано, арфы, скрипки, виолы да гамба и виолончели$yРоссия$z18 век$jЗвукозапись$2nlr_sh$7ca _16890#$aЩ952.142.6-040.2(28) _1702#1$9z01790$aРябов$bИ. М.$gИгорь Михайлович$cфортепиано$f1930-2006$4545$4kpf$7ca _1702#1$9z02790$aЗедник$bД.$gДагмара$cарфа$4545$4tha$7ca _1702#1$9z03790$aГорохов$bА. Н.$gАлексей Николаевич$cскрипка$f1927-1999$4545$4svl$7ca _1702#1$9z04790$aПалшков$bБ. Б.$gБорис Борисович$cальт$f1928-1998$4545$4sva$7ca _1702#1$9z05790$aЧервов$bВ. С.$gВадим Сергеевич$cвиолончель$f1930-2000$4545$4svc$7ca _1790#1$9z01702$aRjabov$bI.$gIgor`$cpiano$f1930-2006$4545$4kpf$7ba _1790#1$9z02702$aZednik$bD.$gDagmara$charp$4545$4tha$7ba _1790#1$9z03702$aGorochov$bA. N.$gAleksej Nikolaevič$cviolin$f1927-1999$4545$4svl$7ba _1790#1$9z04702$aPalškov$bB.$gBoris$cviola$f1928-1998$4545$4sva$7ba _1790#1$9z05702$aChervov$bV.$gVadim$ccello$f1930-2000$4545$4svc$7ba _tКвинтет для фортепиано, арфы, скрипки, виолы да гамба и виолончели |
|
| 606 | 1 |
_aКомпозиторы русские _z18-19 вв. _jЗвукозапись _2nlr_sh |
|
| 606 | 1 |
_aКамерная музыка русская _z18-19 вв. _jЗвукозапись _2nlr_sh |
|
| 606 | 1 |
_aАнсамбли с фортепиано _yРоссия _z18-19 вв. _jЗвукозапись _2nlr_sh |
|
| 686 | 0 | _aЩ95я44(28) | |
| 686 | 0 | _aЩ952.142я44(28) | |
| 700 | 1 |
_9z01790 _aБортнянский _bД. С. _f1751-1825 _gДмитрий Степанович _4230 _7ca |
|
| 790 | 1 |
_9z01700 _aBortnjanskij _bD. S. _f1751-1825 _gDmitrij Stepanovič _4230 _7ba |
|
| 801 | 0 |
_aRU _bNLR _c20230419 _gPSBO |
|
| 801 | 1 |
_aRU _bNLR _c20230419 _2rusmarc |
|
| 801 | 2 |
_aRU _bNLR _c20230605 |
|
| 852 |
_aNLR _bМг _j3/8973 _p41086 _t1 |
||
| 856 | 0 | _uhttps://vivaldi.nlr.ru/mk000000901/view | |
| 856 | 1 | _uhttps://vivaldi.nlr.ru/mk000000901/cover | |
| 856 | 2 | _uhttps://vivaldi.nlr.ru/mk000000901/text | |
| 942 | _cREC | ||
| 980 | _aNB | ||
| 980 | _aONIZ | ||
| 981 | 2 | 4 |
_a(24) Нотные издания и аудиозаписи _b(24) Грампластинки |